Italy Euro 2020 Squad - Statistics

General Stats
  • This quiz has been taken 76 times
  • The average score is 20 of 26
Answer Stats
# Ruolo Giocatore Club % Correct
19 D Leonardo Bonucci Juventus
100%
17 A Ciro Immobile Lazio
97%
8 C Jorginho Chelsea
97%
21 P Gianluigi Donnarumma AC Milan
95%
3 D (C) Giorgio Chiellini Juventus
95%
10 A Lorenzo Insigne Napoli
95%
14 A Federico Chiesa Juventus
93%
6 C Marco Verratti Paris Saint-Germain
91%
9 A Andrea Belotti Torino
88%
18 C Nicolò Barella Inter Milan
84%
11 A Domenico Berardi Sassuolo
83%
13 D Emerson Palmieri Chelsea
81%
24 D Alessandro Florenzi Paris Saint-Germain
79%
2 D Giovanni Di Lorenzo Napoli
76%
4 D Leonardo Spinazzola AS Roma
74%
5 C Manuel Locatelli Sassuolo
74%
1 P Salvatore Sirigu Torino
74%
23 D Alessandro Bastoni Inter Milan
72%
26 P Alex Meret Napoli
71%
20 A Federico Bernardeschi Juventus
64%
15 D Francesco Acerbi Lazio
64%
16 C Bryan Cristante AS Roma
55%
12 C Matteo Pessina Atalanta
53%
25 D Rafael Tolói Atalanta
47%
22 A Giacomo Raspadori Sassuolo
38%
7 C Gaetano Castrovilli Fiorentina
34%
No matching quizzes found
Score Distribution
Percent of People with Each Score
Percentile by Number Answered
Your Score History
You have not taken this quiz